000 00466nam a2200157 4500
001 123316
003 ES-MaACL
005 20230906192141.0
007 t|
008 070214s1919 fr r ||||1| fre d
100 1 _aRabusson, Henry.
_994872
245 1 2 _aL'ironique destinée
_b: roman d'un féministe /
_cHenry Rabusson.
260 _aParis :
_b[s. n.],
_c1919 (
_eSaint-Amand :
_fImp. Bussiére)
300 _a298 p. ;
_c19 x 12 cm.
852 _aES-MaACL
_jF-9509
999 _c123316
_d123316